000 00561nam a22001817a 4500
003 0
005 20241019134119.0
008 241019b xxu||||| |||| 00| 0 eng d
020 _a9798891611993
050 _aHD 75
_b.W54 2024
100 _aWiggins, Guillermo,
_eauthor.
245 _aDevelopment economics /
_cGuillermo Wiggins.
260 _aJersey City, USA :
_bAlexis Press, LLC,
_c2024.
300 _aviii, 392 p. :
_bcol. ill. ;
_c24 cm.
504 _aIncludes bibliographical references and index.
650 _aDevelopment economics.
942 _2lcc
_cBK
999 _c366605
_d366605